[Event "Cali Masificacion op"]
[Site "Cali"]
[Date "2021.12.29"]
[Round "6"]
[White "Beltran, Carlos Armando"]
[Black "Guerrero, Ever"]
[Result "1-0"]
[WhiteElo "2142"]
[BlackElo "2079"]
[PlyCount "91"]
[EventDate "2021.12.26"]
[EventType "swiss"]
[EventRounds "7"]
[EventCountry "COL"]
[SourceTitle "CBM 205 Extra"]
[Source "ChessBase"]
[SourceDate "2022.01.31"]
[SourceVersion "1"]
[SourceVersionDate "2022.01.31"]
[SourceQuality "1"]

1. Nf3 d6 2. d4 g6 3. c3 Bg7 4. Bg5 Nd7 5. Nbd2 h6 6. Bh4 g5 7. Bg3 f5 8. e3 e5 9. h3 Qe7 10. dxe5 dxe5 11. Qc2 f4 12. Qg6+ Qf7 13. Qxf7+ Kxf7 14. Bc4+ Ke7 15. exf4 exf4 16. Bh2 Ngf6 17. 0-0 Re8 18. Rfe1+ Kf8 19. h4 g4 20. Nd4 Nh5 21. Rxe8+ Kxe8 22. Re1+ Ne5 23. N2f3 gxf3 24. Nxf3 Bf5 25. Nxe5 Kf8 26. Bd3 Re8 27. Bxf5 Rxe5 28. Rxe5 Bxe5 29. Kf1 Ke7 30. Bg1 f3 31. g3 Bxg3 32. Bg6 Nf4 33. fxg3 Nxg6 34. Bd4 Ke6 35. Kf2 c5 36. Bxc5 Kd5 37. h5 Ne5 38. Bd4 Nd3+ 39. Kxf3 Nxb2 40. Bxa7 Nc4 41. Bd4 Nd6 42. g4 Nf7 43. Be3 b5 44. Kf4 Kc4 45. Kf5 Kd3 46. Kf6 1-0

[Event "Palmira op"]
[Site "Palmira"]
[Date "2018.09.21"]
[Round "3"]
[White "Beltran, Carlos Armando"]
[Black "Mateus Urbano, Luis Alejandro"]
[Result "1/2-1/2"]
[WhiteElo "2154"]
[BlackElo "2309"]
[PlyCount "62"]
[EventDate "2018.09.20"]
[EventType "swiss"]
[EventRounds "7"]
[EventCountry "COL"]
[SourceTitle "CBM 187 Extra"]
[Source "ChessBase"]
[SourceDate "2018.11.04"]
[SourceVersion "1"]
[SourceVersionDate "2018.11.04"]
[SourceQuality "1"]

1. Nf3 Nf6 2. c4 e6 3. g3 d5 4. Bg2 dxc4 5. Qa4+ Nbd7 6. Qxc4 a6 7. Qc2 Be7 8. 0-0 0-0 9. b3 a5 10. Bb2 h6 11. Nc3 Nb6 12. Rfd1 a4 13. Rac1 axb3 14. axb3 Nbd5 15. Nxd5 Nxd5 16. e4 Nb4 17. Qxc7 Nd3 18. Qxd8 Rxd8 19. Rb1 Bc5 20. Rf1 b5 21. b4 Bxb4 22. Ne5 Nxe5 23. Bxe5 Bxd2 24. Rfd1 Ba6 25. Bc7 Rd7 26. Ba5 b4 27. Bxb4 Rad8 28. Bxd2 Rxd2 29. Rxd2 Rxd2 30. Bf1 Bxf1 31. Kxf1 Kh7 1/2-1/2

[Event "Palmira op"]
[Site "Palmira"]
[Date "2018.09.20"]
[Round "1"]
[White "Beltran, Carlos Armando"]
[Black "Marin, Luis Eduardo"]
[Result "1-0"]
[WhiteElo "2154"]
[BlackElo "1456"]
[PlyCount "39"]
[EventDate "2018.09.20"]
[EventType "swiss"]
[EventRounds "7"]
[EventCountry "COL"]
[SourceTitle "CBM 187 Extra"]
[Source "ChessBase"]
[SourceDate "2018.11.04"]
[SourceVersion "1"]
[SourceVersionDate "2018.11.04"]
[SourceQuality "1"]

1. Nf3 Nf6 2. c4 g6 3. Nc3 Bg7 4. e4 c5 5. Be2 0-0 6. 0-0 Nc6 7. d4 cxd4 8. Nxd4 Nxe4 9. Nxc6 Nxc3 10. Nxe7+ Qxe7 11. bxc3 Bxc3 12. Rb1 b6 13. Bf3 Rb8 14. Bf4 Rb7 15. Bd6 Qg5 16. Rb5 f5 17. Bxf8 Kxf8 18. Qd6+ Kg7 19. Bxb7 Bxb7 20. Qxd7+ 1-0

[Event "COL pre olympic sf3"]
[Site "Dosquebradas"]
[Date "2018.06.04"]
[Round "10"]
[White "Beltran, Carlos Armando"]
[Black "Lopez Idarraga, Daniel Eduardo"]
[Result "1/2-1/2"]
[WhiteElo "2144"]
[BlackElo "2045"]
[PlyCount "131"]
[EventDate "2018.05.30"]
[EventType "swiss"]
[EventRounds "10"]
[EventCountry "COL"]
[SourceTitle "CBM 184 Extra"]
[Source "ChessBase"]
[SourceDate "2018.06.28"]
[SourceVersion "1"]
[SourceVersionDate "2018.06.28"]
[SourceQuality "1"]

1. Nf3 c5 2. e3 g6 3. c4 Bg7 4. Nc3 Nc6 5. Be2 e5 6. 0-0 Nge7 7. d3 0-0 8. Nd5 d6 9. Ne1 Be6 10. Bf3 a6 11. Nc2 Rb8 12. a4 b5 13. axb5 axb5 14. Nxe7+ Nxe7 15. cxb5 Rxb5 16. d4 exd4 17. exd4 Bb3 18. Qd3 c4 19. Qe2 Nf5 20. Ra8 Rb8 21. Rxb8 Qxb8 22. Be3 Re8 23. Bc6 Bxc2 24. Qxc2 Rxe3 25. fxe3 Nxe3 26. Qa4 Nxf1 27. Kxf1 Bxd4 28. Bd5 Kg7 29. Qd7 Qf8 30. Bxc4 Bxb2 31. Bd5 h5 32. g3 Be5 33. Kg2 Kg8 34. h4 Kg7 35. Kh3 Bf6 36. Bc6 Be5 37. Bd5 Kf6 38. Kg2 Qg8 39. Kh3 Kg7 40. Kg2 Qf8 41. Kh3 Bf6 42. Bc6 g5 43. hxg5 Bxg5 44. Be4 Qe7 45. Qxe7 Bxe7 46. Kg2 Kf6 47. Bd5 Kg6 48. Kf3 f5 49. Bc6 Bf6 50. Be8+ Kg5 51. Bf7 Be5 52. Bd5 h4 53. gxh4+ Kxh4 54. Be6 Kg5 55. Bd5 Kf6 56. Ke3 Bb2 57. Kd3 Ke5 58. Kc4 Bd4 59. Bb7 Bb6 60. Bc6 Kf4 61. Kd3 Kg3 62. Ke2 f4 63. Bd5 Kg4 64. Bf3+ Kf5 65. Kd3 Ke5 66. Kc4 1/2-1/2

[Event "COL pre olympic sf3"]
[Site "Dosquebradas"]
[Date "2018.06.03"]
[Round "8"]
[White "Beltran, Carlos Armando"]
[Black "Mateus Urbano, Luis Alejandro"]
[Result "0-1"]
[WhiteElo "2144"]
[BlackElo "2305"]
[PlyCount "61"]
[EventDate "2018.05.30"]
[EventType "swiss"]
[EventRounds "10"]
[EventCountry "COL"]
[SourceTitle "CBM 184 Extra"]
[Source "ChessBase"]
[SourceDate "2018.06.28"]
[SourceVersion "1"]
[SourceVersionDate "2018.06.28"]
[SourceQuality "1"]

1. Nf3 Nf6 2. c4 c6 3. Nc3 d5 4. e3 e6 5. b3 Bd6 6. Bb2 Nbd7 7. Qc2 Qe7 8. Be2 a6 9. d4 0-0 10. 0-0 dxc4 11. Bxc4 e5 12. Ne4 Nxe4 13. Qxe4 Nf6 14. Qc2 e4 15. Ne5 b5 16. Be2 c5 17. f4 Bb7 18. a4 Nd5 19. Qd2 f6 20. Ng4 h5 21. Nf2 Bxf4 22. Nd1 Bc7 23. axb5 axb5 24. Bxb5 Qd6 25. g3 cxd4 26. Bxd4 Rxa1 27. Bxa1 Ra8 28. Nc3 Nxe3 29. Qxd6 Bxd6 30. Rc1 Ba3 31. Rb1 0-1

[Event "Cali Grand Prix final"]
[Site "Cali"]
[Date "2018.02.04"]
[Round "6"]
[White "Arango Arenas, Juan Camilo"]
[Black "Beltran, Carlos Armando"]
[Result "1-0"]
[WhiteElo "2188"]
[BlackElo "2176"]
[PlyCount "43"]
[EventDate "2018.02.02"]
[EventType "tourn"]
[EventRounds "11"]
[EventCountry "COL"]
[SourceTitle "CBM 182 Extra"]
[Source "ChessBase"]
[SourceDate "2018.02.23"]
[SourceVersion "1"]
[SourceVersionDate "2018.02.23"]
[SourceQuality "1"]

1. e4 d6 2. d4 Nf6 3. Nc3 c6 4. f4 Bg4 5. Nf3 d5 6. e5 Ne4 7. Bd3 Nxc3 8. bxc3 e6 9. h3 Bxf3 10. Qxf3 g6 11. Be3 Nd7 12. g4 h5 13. f5 hxg4 14. hxg4 Rxh1+ 15. Qxh1 gxf5 16. gxf5 Qb6 17. fxe6 fxe6 18. Bg5 Be7 19. Bg6+ Kd8 20. Bxe7+ Kxe7 21. Qh4+ Kf8 22. Kd2 1-0

[Event "Cali Cuartas Memorial op"]
[Site "Cali"]
[Date "2017.11.26"]
[Round "8"]
[White "Beltran, Carlos Armando"]
[Black "Rios Parra, Alejandro"]
[Result "1/2-1/2"]
[WhiteElo "2197"]
[BlackElo "2315"]
[PlyCount "26"]
[EventDate "2017.11.22"]
[EventType "swiss"]
[EventRounds "10"]
[EventCountry "COL"]
[SourceTitle "EXT 2019"]
[Source "ChessBase"]
[SourceDate "2018.10.10"]
[SourceVersion "1"]
[SourceVersionDate "2018.10.10"]
[SourceQuality "1"]

1. Nf3 Nf6 2. d4 e6 3. Bf4 c5 4. e3 Qb6 5. Nc3 cxd4 6. exd4 Bb4 7. Bd3 Nd5 8. Bd2 Nxc3 9. bxc3 Be7 10. c4 d6 11. 0-0 Nd7 12. Qe2 Nf6 13. Rfe1 0-0 1/2-1/2

[Event "COL-ch"]
[Site "Palmira"]
[Date "2017.05.19"]
[Round "7"]
[White "Beltran, Carlos Armando"]
[Black "Blandon Villa, Diego F"]
[Result "1-0"]
[WhiteElo "2143"]
[BlackElo "2263"]
[PlyCount "107"]
[EventDate "2017.05.15"]
[EventType "swiss"]
[EventRounds "10"]
[EventCountry "COL"]
[SourceTitle "CBM 178 Extra"]
[Source "ChessBase"]
[SourceDate "2017.06.22"]
[SourceVersion "1"]
[SourceVersionDate "2017.06.22"]
[SourceQuality "1"]

1. Nf3 Nf6 2. d4 g6 3. Bg5 Bg7 4. c3 d6 5. Nbd2 0-0 6. e3 Nbd7 7. Be2 b6 8. 0-0 Bb7 9. a4 a5 10. Qc2 e5 11. dxe5 dxe5 12. Rfd1 Qe7 13. Bb5 Rfd8 14. Nf1 h6 15. Bh4 g5 16. Bg3 Be4 17. Qe2 c6 18. Bc4 Nd5 19. Ne1 Nc5 20. Nd3 Bg6 21. Nxc5 Qxc5 22. h4 f5 23. hxg5 hxg5 24. e4 fxe4 25. Nd2 e3 26. Nb3 Qe7 27. Qxe3 Kh7 28. Qe2 Qf6 29. Bd3 Bxd3 30. Rxd3 Nf4 31. Bxf4 gxf4 32. Rad1 Kg8 33. Nd2 Rxd3 34. Qxd3 Rf8 35. Ne4 Qg6 36. Qc4+ Qf7 37. Qxc6 f3 38. Rd7 Qf5 39. gxf3 Qh5 40. Qe6+ Kh8 41. Qg4 Qxg4+ 42. fxg4 Rf4 43. Rd8+ Bf8 44. f3 Rxf3 45. Ng5 Rf6 46. Re8 Rf4 47. Ne6 Rxg4+ 48. Kf2 Rxa4 49. Rxf8+ Kh7 50. Rb8 Ra2 51. Rxb6 a4 52. Ke3 a3 53. bxa3 Rxa3 54. Ng5+ 1-0

[Event "COL-ch"]
[Site "Palmira"]
[Date "2017.05.18"]
[Round "6"]
[White "Gallego, Julian Andres"]
[Black "Beltran, Carlos Armando"]
[Result "0-1"]
[WhiteElo "2025"]
[BlackElo "2143"]
[PlyCount "152"]
[EventDate "2017.05.15"]
[EventType "swiss"]
[EventRounds "10"]
[EventCountry "COL"]
[SourceTitle "CBM 178 Extra"]
[Source "ChessBase"]
[SourceDate "2017.06.22"]
[SourceVersion "1"]
[SourceVersionDate "2017.06.22"]
[SourceQuality "1"]

1. d4 Nf6 2. Nf3 e6 3. c4 Bb4+ 4. Nbd2 0-0 5. a3 Be7 6. e4 d5 7. e5 Ne4 8. Bd3 Nxd2 9. Qxd2 dxc4 10. Bxc4 c5 11. 0-0 Nc6 12. dxc5 Qxd2 13. Bxd2 Bxc5 14. Bc3 Rd8 15. Rfd1 Bd7 16. Rd2 Be8 17. Rad1 Rxd2 18. Rxd2 Rd8 19. Rxd8 Nxd8 20. Ng5 Bc6 21. Kf1 Bd5 22. Bd3 h6 23. Ne4 Bb6 24. Nd6 Nc6 25. Be4 Bxe4 26. Nxe4 Bc7 27. f4 Kf8 28. Ke2 Ke8 29. Kf3 h5 30. Ng3 g6 31. Ne4 b5 32. b4 Kd7 33. Ng5 Ke7 34. Ne4 a6 35. h3 Bb6 36. Ke2 Nd4+ 37. Kd3 Nf5 38. g4 hxg4 39. hxg4 Nh6 40. Nf6 Bf2 41. Ke4 Bh4 42. g5 Nf5 43. Kf3 Kd8 44. Ng4 Ne7 45. Kg2 Kd7 46. Kh3 Nf5 47. Nh6 Bf2 48. Nxf7 Be3 49. Kg4 Bc1 50. Nh6 Ne3+ 51. Kf3 Nd5 52. Bd4 Bxf4 53. Bb2 Bxg5 54. Nf7 Bd2 55. Ke4 g5 56. Nh6 Nb6 57. Kd3 Nc4 58. Ng4 Bf4 59. Bd4 Nxa3 60. Bc3 Nc4 61. Ke2 Kc6 62. Kd3 Nb6 63. Be1 Nd5 64. Ke4 Bc1 65. Nf2 Ba3 66. Nd3 g4 67. Bd2 Kb6 68. Be1 Bxb4 69. Bxb4 Nxb4 70. Nxb4 a5 71. Nd3 b4 72. Kd4 Kb5 73. Nf4 g3 74. Ke3 b3 75. Nxe6 b2 76. Nd4+ Ka6 0-1

[Event "COL-ch"]
[Site "Palmira"]
[Date "2017.05.15"]
[Round "1"]
[White "Beltran, Carlos Armando"]
[Black "Henao, Sebastian"]
[Result "1-0"]
[WhiteElo "2143"]
[BlackElo "1477"]
[PlyCount "21"]
[EventDate "2017.05.15"]
[EventType "swiss"]
[EventRounds "10"]
[EventCountry "COL"]
[SourceTitle "CBM 178 Extra"]
[Source "ChessBase"]
[SourceDate "2017.06.22"]
[SourceVersion "1"]
[SourceVersionDate "2017.06.22"]
[SourceQuality "1"]

1. Nf3 Nf6 2. g3 g6 3. b3 Bg7 4. Bb2 0-0 5. Bg2 d5 6. c4 c6 7. 0-0 Nbd7 8. cxd5 cxd5 9. Na3 Re8 10. Nb5 a6 11. Na3 1-0

[Event "Santiago de Cali op"]
[Site "Cali"]
[Date "2016.12.29"]
[Round "7"]
[White "Beltran, Carlos Armando"]
[Black "Cardoso Cardoso, Jaidy Marcela"]
[Result "1-0"]
[WhiteElo "2181"]
[BlackElo "1716"]
[PlyCount "29"]
[EventDate "2016.12.26"]
[EventType "swiss"]
[EventRounds "8"]
[EventCountry "COL"]
[SourceTitle "EXT 2018"]
[Source "ChessBase"]
[SourceDate "2017.10.13"]
[SourceVersion "1"]
[SourceVersionDate "2017.10.13"]
[SourceQuality "1"]

1. Nf3 Nf6 2. b3 g6 3. Bb2 Bg7 4. e3 0-0 5. Be2 d6 6. d4 c6 7. 0-0 Bf5 8. Nbd2 Ne4 9. Nxe4 Bxe4 10. Nd2 Bd5 11. e4 Be6 12. Nc4 d5 13. exd5 cxd5 14. Ne5 Bxe5 15. dxe5 1-0

[Event "Santiago de Cali op"]
[Site "Cali"]
[Date "2016.12.28"]
[Round "6"]
[White "Cardoso Cardoso, Jose Gabriel"]
[Black "Beltran, Carlos Armando"]
[Result "1-0"]
[WhiteElo "2040"]
[BlackElo "2181"]
[PlyCount "73"]
[EventDate "2016.12.26"]
[EventType "swiss"]
[EventRounds "8"]
[EventCountry "COL"]
[SourceTitle "EXT 2018"]
[Source "ChessBase"]
[SourceDate "2017.10.13"]
[SourceVersion "1"]
[SourceVersionDate "2017.10.13"]
[SourceQuality "1"]

1. d4 c5 2. d5 e5 3. e4 d6 4. Nc3 Be7 5. Nf3 Bg4 6. Be2 a6 7. Nd2 Bxe2 8. Qxe2 Bg5 9. a4 Bxd2+ 10. Bxd2 Nf6 11. 0-0 0-0 12. a5 Nbd7 13. Nd1 b5 14. axb6 Qxb6 15. b3 Qb5 16. Qf3 c4 17. b4 Rfc8 18. Ra5 Qb6 19. c3 Qd8 20. Bg5 h6 21. Bh4 g5 22. Bg3 Ne8 23. Ne3 Ng7 24. Ng4 Kh7 25. Qxf7 Rc7 26. Rfa1 h5 27. Rxa6 Rxa6 28. Rxa6 hxg4 29. Rxd6 Qe8 30. Qxe8 Nxe8 31. Re6 Ng7 32. Re7 Ra7 33. h3 Kg6 34. hxg4 Ra1+ 35. Kh2 Nf6 36. f3 Ng8 37. Rc7 1-0

[Event "Mosquera op"]
[Site "Mosquera"]
[Date "2014.10.31"]
[Round "3"]
[White "Acuna Buitrago, Camilo Andres"]
[Black "Beltran, Carlos Armando"]
[Result "1-0"]
[WhiteElo "2017"]
[BlackElo "2235"]
[PlyCount "77"]
[EventDate "2014.10.30"]
[EventType "swiss"]
[EventRounds "9"]
[EventCountry "COL"]
[SourceTitle "EXT 2015"]
[Source "ChessBase"]
[SourceDate "2014.11.20"]
[SourceVersion "1"]
[SourceVersionDate "2014.11.20"]
[SourceQuality "1"]

1. e4 e6 2. d4 d5 3. Nc3 Bb4 4. e5 Qd7 5. a3 Bxc3+ 6. bxc3 b6 7. Qg4 f5 8. Qg3 Ba6 9. Bxa6 Nxa6 10. Ne2 Nb8 11. Nf4 Nc6 12. Nxe6 Qxe6 13. Qxg7 Qg6 14. Qxh8 Qxg2 15. Rf1 0-0-0 16. Qxh7 Qe4+ 17. Be3 Qxc2 18. Rc1 Qd3 19. Qh5 Qe4 20. Qe2 Qh4 21. Qf3 Nge7 22. Rg1 Qh7 23. Ke2 Qf7 24. Rg5 Na5 25. Rcg1 Qe8 26. Bd2 Qb5+ 27. Qd3 Nc4 28. Rg7 Re8 29. h4 Nc6 30. Rg8 Rxg8 31. Rxg8+ Kb7 32. h5 N6a5 33. h6 Qb2 34. h7 Nb3 35. Kf3 Nbxd2+ 36. Kg2 f4 37. h8Q Ne4 38. Rb8+ Ka6 39. Qh4 1-0

[Event "Mosquera op"]
[Site "Mosquera"]
[Date "2014.10.30"]
[Round "1"]
[White "Castro, Lennin David"]
[Black "Beltran, Carlos Armando"]
[Result "0-1"]
[WhiteElo "2016"]
[BlackElo "2235"]
[PlyCount "48"]
[EventDate "2014.10.30"]
[EventType "swiss"]
[EventRounds "9"]
[EventCountry "COL"]
[SourceTitle "EXT 2015"]
[Source "ChessBase"]
[SourceDate "2014.11.20"]
[SourceVersion "1"]
[SourceVersionDate "2014.11.20"]
[SourceQuality "1"]

1. Nf3 e6 2. d4 Nf6 3. g3 c5 4. c4 cxd4 5. Qxd4 Nc6 6. Qd3 Qb6 7. Bg2 Nb4 8. Qb3 Bc5 9. e3 Nc6 10. 0-0 Qxb3 11. axb3 Ke7 12. Nc3 d6 13. Rd1 Bd7 14. Nd4 a6 15. Ne4 Nxe4 16. Bxe4 f5 17. Bg2 e5 18. Nc2 a5 19. Bd2 Rhb8 20. Bc3 Ra6 21. Na3 a4 22. bxa4 Rxa4 23. Bd5 Nb4 24. Nc2 Nxc2 0-1

[Event "COL-ch sf"]
[Site "Medellin"]
[Date "2014.??.??"]
[Round "5"]
[White "Beltran, Carlos Armando"]
[Black "Otalora Pacheco, Carlos Eduardo"]
[Result "1-0"]
[WhiteElo "2240"]
[BlackElo "2138"]
[PlyCount "107"]
[EventDate "2014.04.15"]
[EventType "swiss"]
[EventRounds "11"]
[EventCountry "COL"]
[SourceTitle "CBM 160 Extra"]
[Source "ChessBase"]
[SourceDate "2014.07.01"]
[SourceVersion "1"]
[SourceVersionDate "2014.07.01"]
[SourceQuality "1"]

1. Nf3 d5 2. e3 Nf6 3. b3 c5 4. Bb5+ Bd7 5. Be2 g6 6. Bb2 Bg7 7. 0-0 0-0 8. d3 Nc6 9. Nbd2 Qc7 10. c4 e5 11. cxd5 Nxd5 12. Rc1 b6 13. Qc2 Rad8 14. Qb1 Qb8 15. Rfd1 Bc8 16. Bf1 Bb7 17. a3 h6 18. Qa1 Kh7 19. Nc4 Rfe8 20. Ne1 f5 21. g3 Bh8 22. Qb1 f4 23. Ng2 Rf8 24. Nd2 Rf7 25. b4 fxe3 26. fxe3 cxb4 27. axb4 Ndxb4 28. d4 exd4 29. Nh4 d3 30. Bxh8 Rxh8 31. Rxc6 Nxc6 32. Bxd3 Kg7 33. Bxg6 Rd7 34. Bh5 Ne5 35. Nc4 Rxd1+ 36. Bxd1 Bd5 37. Nd6 Rf8 38. Nhf5+ Kf6 39. e4 Be6 40. Qc1 Bxf5 41. Nxf5 Rh8 42. Qf4 Ng6 43. Qf2 Qe5 44. Nxh6+ Kg7 45. Nf5+ Kf6 46. h4 Qc5 47. Ne3+ Kg7 48. Kg2 Rf8 49. Nf5+ Kh7 50. Qf3 Nxh4+ 51. gxh4 Rg8+ 52. Kh3 Rg1 53. Qh5+ Kg8 54. Bb3+ 1-0

[Event "COL-ch sf"]
[Site "Medellin"]
[Date "2014.??.??"]
[Round "4"]
[White "Pena Duarte, Fabian Dario"]
[Black "Beltran, Carlos Armando"]
[Result "1-0"]
[WhiteElo "2161"]
[BlackElo "2240"]
[PlyCount "52"]
[EventDate "2014.04.15"]
[EventType "swiss"]
[EventRounds "11"]
[EventCountry "COL"]
[SourceTitle "CBM 160 Extra"]
[Source "ChessBase"]
[SourceDate "2014.07.01"]
[SourceVersion "1"]
[SourceVersionDate "2014.07.01"]
[SourceQuality "1"]

1. e4 e6 2. d4 d5 3. Nc3 Bb4 4. e5 Qd7 5. Nf3 b6 6. Bd3 Ba6 7. 0-0 Bxd3 8. cxd3 Nc6 9. Be3 0-0-0 10. Rc1 Kb7 11. a3 Bxc3 12. Rxc3 Rc8 13. b4 Nge7 14. Qc2 Nb8 15. a4 c6 16. Nd2 f6 17. Nf3 h5 18. Ra1 a6 19. Bd2 Nf5 20. Rb3 Ne7 21. b5 cxb5 22. Qb2 b4 23. Bxb4 Rc6 24. Rb1 Nc8 25. Bd6 Rxd6 26. exd6 Qxd6 1-0

[Event "COL-ch"]
[Site "Ibague"]
[Date "2013.07.06"]
[Round "10"]
[White "Soto, Christian Camilo"]
[Black "Beltran, Carlos Armando"]
[Result "0-1"]
[WhiteElo "2079"]
[BlackElo "2237"]
[PlyCount "106"]
[EventDate "2013.07.01"]
[EventType "swiss"]
[EventRounds "11"]
[EventCountry "COL"]
[SourceTitle "EXT 2014"]
[Source "ChessBase"]
[SourceDate "2013.11.20"]
[SourceVersion "1"]
[SourceVersionDate "2013.11.20"]
[SourceQuality "1"]

1. c4 e5 2. Nc3 Nc6 3. g3 Nf6 4. Bg2 Bb4 5. Nd5 Be7 6. e4 0-0 7. Ne2 d6 8. h3 Nd4 9. 0-0 c6 10. Nxe7+ Qxe7 11. d3 Ne8 12. Be3 Nxe2+ 13. Qxe2 Nc7 14. f4 exf4 15. Bxf4 Be6 16. g4 d5 17. cxd5 cxd5 18. Rac1 Rac8 19. exd5 Nxd5 20. Bxd5 Rxc1 21. Rxc1 Qf6 22. Bxe6 Qxf4 23. Bxf7+ Qxf7 24. Rf1 Qxa2 25. Rxf8+ Kxf8 26. Qf2+ Kg8 27. Qe2 Qf7 28. Qe5 b6 29. d4 Kf8 30. d5 Qe7 31. Qf4+ Ke8 32. Qb8+ Kf7 33. Kf1 Qf6+ 34. Ke1 Qxb2 35. Qc7+ Kf6 36. Qf4+ Ke7 37. Qe4+ Kd8 38. Qxh7 Qf6 39. Qg8+ Kd7 40. Qa8 a5 41. Qb7+ Ke8 42. Qc6+ Ke7 43. Qc7+ Ke8 44. d6 Qe5+ 45. Kd1 Qd4+ 46. Ke2 Qe4+ 47. Kd2 Qd4+ 48. Kc2 Qc5+ 49. Kd3 Qxc7 50. dxc7 Kd7 51. h4 Kxc7 52. Ke4 Kd6 53. Kf5 a4 0-1

[Event "COL-ch"]
[Site "Ibague"]
[Date "2013.07.02"]
[Round "2"]
[White "Beltran, Carlos Armando"]
[Black "Torres Plaza, Jaime Alberto"]
[Result "1-0"]
[WhiteElo "2237"]
[BlackElo "2052"]
[PlyCount "87"]
[EventDate "2013.07.01"]
[EventType "swiss"]
[EventRounds "11"]
[EventCountry "COL"]
[SourceTitle "EXT 2014"]
[Source "ChessBase"]
[SourceDate "2013.11.20"]
[SourceVersion "1"]
[SourceVersionDate "2013.11.20"]
[SourceQuality "1"]

1. Nf3 d5 2. b3 c5 3. e3 Nf6 4. Bb2 Nc6 5. Bb5 Bd7 6. 0-0 Qc7 7. c4 a6 8. Bxc6 bxc6 9. d3 e6 10. Re1 Be7 11. Nbd2 Ng4 12. h3 Bf6 13. Qc2 Bxb2 14. Qxb2 Nf6 15. Rac1 Qa5 16. Qc3 Qxc3 17. Rxc3 Rc8 18. Rec1 Ke7 19. cxd5 Nxd5 20. Rxc5 Nb4 21. R5c4 Nxd3 22. R1c3 Nb2 23. Rc5 Rhd8 24. Kf1 Be8 25. Ke2 f6 26. Nd4 e5 27. Nxc6+ Rxc6 28. Rxc6 Bxc6 29. Rxc6 Nd3 30. Rxa6 Nxf2 31. b4 Nd3 32. b5 Nc5 33. Rc6 Na4 34. Rc7+ Kd6 35. Rc4 Ra8 36. Ne4+ Ke7 37. Rc7+ Ke6 38. g4 Rb8 39. Ra7 Nb6 40. a4 Kd5 41. Kf3 Rf8 42. a5 Nc4 43. Rd7+ Nd6 44. Rxd6+ 1-0

[Event "COL-ch"]
[Site "Ibague"]
[Date "2013.07.01"]
[Round "1"]
[White "Gallego Alcaraz, Andres Felipe"]
[Black "Beltran, Carlos Armando"]
[Result "1-0"]
[WhiteElo "2414"]
[BlackElo "2237"]
[PlyCount "55"]
[EventDate "2013.07.01"]
[EventType "swiss"]
[EventRounds "11"]
[EventCountry "COL"]
[SourceTitle "EXT 2014"]
[Source "ChessBase"]
[SourceDate "2013.11.20"]
[SourceVersion "1"]
[SourceVersionDate "2013.11.20"]
[SourceQuality "1"]

1. d4 e6 2. Nf3 Nf6 3. c4 b6 4. a3 Bb7 5. Nc3 Be7 6. d5 0-0 7. e4 exd5 8. cxd5 Re8 9. Be2 d6 10. 0-0 a5 11. Nd4 Bf8 12. Bb5 Nfd7 13. Re1 g6 14. Be3 Bg7 15. Rc1 h6 16. b4 axb4 17. axb4 Re7 18. Nc6 Bxc6 19. dxc6 Nf6 20. Bd4 Ne8 21. Nd5 Re6 22. Bxb6 cxb6 23. c7 Nxc7 24. Nxc7 Re5 25. Nxa8 Rxb5 26. Nc7 Rh5 27. Nd5 Nd7 28. Rc8 1-0